بلاد العرب القاصية : (رقم التسجيلة. 17407)

تفاصيل مارك
000 -LEADER
fixed length control field 00707nam a22002057a 4500
005 - DATE AND TIME OF LATEST TRANSACTION
control field 20251108164921.0
008 - FIXED-LENGTH DATA ELEMENTS--GENERAL INFORMATION
fixed length control field 250721s1990 xx 000 0 ara d
082 14 - DEWEY DECIMAL CLASSIFICATION NUMBER
Classification number 956/بريي
100 1# - MAIN ENTRY--PERSONAL NAME
Personal name برينت، بيتر
245 10 - TITLE STATEMENT
Title بلاد العرب القاصية :
Remainder of title رحلات المستشرقين إلى بلاد العرب /
264 1# - PRODUCTION, PUBLICATION, DISTRIBUTION, MANUFACTURE, AND COPYRIGHT NOTICE
Place of production, publication, distribution, manufacture بيروت :
Name of producer, publisher, distributor, manufacturer دار قتيبة،
Date of production, publication, distribution, manufacture, or copyright notice 1990.
300 ## - PHYSICAL DESCRIPTION
Extent 326ص
650 17 - SUBJECT ADDED ENTRY--TOPICAL TERM
Topical term or geographic name as entry element التاريخ الإسلامي
650 17 - SUBJECT ADDED ENTRY--TOPICAL TERM
Topical term or geographic name as entry element تاريخ العرب
650 17 - SUBJECT ADDED ENTRY--TOPICAL TERM
Topical term or geographic name as entry element الإستشراق و المستشرقون
700 1# - ADDED ENTRY--PERSONAL NAME
Personal name عيسى، خالد أسعد
Relator term ترجمة
700 1# - ADDED ENTRY--PERSONAL NAME
Personal name سبانو، أحمد غسان
Relator term ترجمة
942 ## - ADDED ENTRY ELEMENTS (KOHA)
Source of classification or shelving scheme Dewey Decimal Classification
Koha item type كتب
المقتنيات
حالة السحب حالة الفقدان مصدر التصنيف حالة التلف غير قابل للإعارة المكتبة الرئيسية المكتبة الحالية موقع الرف تاريخ التزويد الرقم المتسلسل Total Checkouts رقم الإستدعاء الباركود تاريخ آخر ظهور تاريخ الفاتورة نوع المادة (كوها)
    Dewey Decimal Classification     المكتبة المركزية المكتبة المركزية الإعارة 06/07/2004 330070   956/بريي DUP-01_330070 28/07/2025 06/07/2004 كتب
Implemented & Customized by: BBB with SCIT (Smart Chains for Information Technology)

Powered by Koha